[Event "WCCC U12 2019"]
[Site "Weifang"]
[Date "2019.08.22"]
[Round "2"]
[White "Milikow, Elie"]
[Black "Jin Yueheng"]
[Result "1-0"]
[WhiteElo "2134"]
[BlackElo "1832"]
[Annotator "NA"]
[PlyCount "96"]
[EventDate "2019.08.21"]
[EventType "swiss"]
[EventCountry "CHN"]
[SourceTitle "playchess.com"]
[Source "ChessBase"]
[SourceQuality "1"]
[TimeControl "40/5400+30:1800+30"]

1. e4 c6 2. d4 d5 3. e5 Bf5 4. h4 h5 5. Bd3 Bxd3 6. Qxd3 e6 7. Bg5 Be7 8. Nf3 Nd7 9. Nbd2 Qc7 10. Rc1 c5 11. c4 cxd4 12. Qxd4 Bxg5 13. hxg5 Ne7 14. Rc3 Qb6 15. Qxb6 Nxb6 16. g4 g6 17. Nd4 Kd7 18. gxh5 Rxh5 19. Rxh5 gxh5 20. Rf3 Rg8 21. Rxf7 Rxg5 22. f4 Rg4 23. b3 h4 24. c5 Nbc8 25. N2f3 h3 26. Ne2 Rg6 27. Rh7 Kc6 28. b4 Kb5 29. a3 a5 30. Nfd4+ Kc4 31. bxa5 Kxc5 32. Rxh3 Nd6 33. exd6 Kxd6 34. Rb3 Nc6 35. Rxb7 Nxa5 36. Rb6+ Ke7 37. f5 Rf6 38. Rxe6+ Rxe6 39. fxe6 Nc4 40. Nf4 Nxa3 41. Nxd5+ Ke8 42. Nc7+ Kd8 43. Ndb5 Nc4 44. Nd5 Kc8 45. e7 Kd7 46. Ke2 Nb6 47. Nbc7 Nxd5 48. Nxd5 Ke8 1-0

[Event "WCCC U12 2019"]
[Site "Weifang"]
[Date "2019.08.22"]
[Round "2"]
[White "Wu, David Tai-Wei"]
[Black "Mahendra Teja Mekala"]
[Result "0-1"]
[WhiteElo "2083"]
[BlackElo "1827"]
[Annotator "NA"]
[PlyCount "102"]
[EventDate "2019.08.21"]
[EventType "swiss"]
[EventCountry "CHN"]
[SourceTitle "playchess.com"]
[Source "ChessBase"]
[SourceQuality "1"]
[TimeControl "40/5400+30:1800+30"]

1. d4 Nf6 2. c4 g6 3. Nc3 d5 4. cxd5 Nxd5 5. e4 Nxc3 6. bxc3 Bg7 7. Bc4 c5 8. Ne2 Nc6 9. Be3 O-O 10. O-O Qc7 11. Rc1 Rd8 12. f4 e6 13. Qd2 Na5 14. Bd3 f5 15. e5 c4 16. Bc2 b6 17. Bf2 Bb7 18. Bh4 Qc6 19. Ng3 Rd7 20. Rf2 Rc8 21. Nf1 Bf8 22. Ne3 b5 23. Qe1 Qb6 24. Rb1 Rb8 25. a4 a6 26. Rf1 Bc6 27. Qe2 Qc7 28. axb5 axb5 29. Rfc1 b4 30. cxb4 Bxb4 31. Nxc4 Rxd4 32. Nxa5 Rd2 33. Qxd2 Bxd2 34. Nxc6 Rxb1 35. Rxb1 Qxc6 36. Bd1 Bxf4 37. Bf3 Qc5+ 38. Kh1 g5 39. Be1 Bxe5 40. Rd1 g4 41. Be2 Bxh2 42. Kxh2 Qe5+ 43. Bg3 Qxe2 44. Rd8+ Kf7 45. Rd7+ Kg6 46. Re7 Qe3 47. Bh4 f4 48. Re8 h6 49. Rf8 Kg7 50. Rc8 g3+ 51. Kh3 Qe5 0-1

[Event "WCCC U12 2019"]
[Site "Weifang"]
[Date "2019.08.22"]
[Round "2"]
[White "Zhao, Erick"]
[Black "Erkhes, Bayartnar"]
[Result "1-0"]
[WhiteElo "2072"]
[BlackElo "1819"]
[Annotator "NA"]
[PlyCount "70"]
[EventDate "2019.08.21"]
[EventType "swiss"]
[EventCountry "CHN"]
[SourceTitle "playchess.com"]
[Source "ChessBase"]
[SourceQuality "1"]
[TimeControl "40/5400+30:1800+30"]

1. e4 e5 2. Nf3 Nc6 3. Bb5 a6 4. Ba4 Nf6 5. O-O Be7 6. Re1 b5 7. Bb3 d6 8. c3 O-O 9. d4 Bg4 10. Be3 Na5 11. Bc2 Nd7 12. Nbd2 c5 13. h3 cxd4 14. cxd4 Bh5 15. Rc1 Rc8 16. Bd3 Bf6 17. d5 Bg6 18. b4 Nb7 19. Qb3 Be7 20. Qb1 Nf6 21. Rc6 Ra8 22. Rec1 Qb8 23. Nh4 Bd8 24. Ndf3 Nd7 25. Nxg6 hxg6 26. a4 bxa4 27. Bxa6 Bb6 28. Bxb6 Rxa6 29. Bc7 Qa8 30. b5 Ra7 31. b6 Ra6 32. Bxd6 Re8 33. Ba3 Rb8 34. Qb4 Na5 35. b7 Rxc6 1-0

[Event "WCCC U12 2019"]
[Site "Weifang"]
[Date "2019.08.22"]
[Round "2"]
[White "Seemann, Jakub"]
[Black "Li, Chengzhang"]
[Result "1-0"]
[WhiteElo "2047"]
[BlackElo "1768"]
[Annotator "NA"]
[PlyCount "51"]
[EventDate "2019.08.21"]
[EventType "swiss"]
[EventCountry "CHN"]
[SourceTitle "playchess.com"]
[Source "ChessBase"]
[SourceQuality "1"]
[TimeControl "40/5400+30:1800+30"]

1. e4 c5 2. Nf3 d6 3. d4 cxd4 4. Nxd4 Nf6 5. Nc3 a6 6. Bg5 e6 7. f4 Be7 8. Qf3 O-O 9. O-O-O Nbd7 10. g4 Qc7 11. Bxf6 Nxf6 12. g5 Nd7 13. h4 b5 14. Nf5 exf5 15. Nd5 Qd8 16. exf5 Nb6 17. f6 gxf6 18. gxf6 Bxf6 19. Rg1+ Kh8 20. Bd3 Bg7 21. Bxh7 Kxh7 22. Rxg7+ Kxg7 23. Rg1+ Kh6 24. Rg5 Qxg5 25. fxg5+ Kg6 26. Ne7+ 1-0

[Event "WCCC U12 2019"]
[Site "Weifang"]
[Date "2019.08.22"]
[Round "2"]
[White "Chen, Yuan"]
[Black "Zhou, Liran"]
[Result "1/2-1/2"]
[WhiteElo "1884"]
[BlackElo "2311"]
[Annotator "NA"]
[PlyCount "98"]
[EventDate "2019.08.21"]
[EventType "swiss"]
[EventCountry "CHN"]
[SourceTitle "playchess.com"]
[Source "ChessBase"]
[SourceQuality "1"]
[TimeControl "40/5400+30:1800+30"]

1. e4 {[%emt 0:00:00]} g6 {[%emt 0:00:00]} 2. d4 {[%emt 0:02:28]} Bg7 {[%emt 0:00:00]} 3. c4 {[%emt 0:02:10]} d6 {[%emt 0:00:20]} 4. Nc3 {[%emt 0:00:10]} Nf6 {[%emt 0:00:06]} 5. f3 {[%emt 0:03:31]} O-O {[%emt 0:00:27]} 6. Be3 {[%emt 0:00:06]} c5 {[%emt 0:01:49]} 7. dxc5 {[%emt 0:26:25]} dxc5 {[%emt 0:00:26]} 8. Qxd8 {[%emt 0:00:20]} Rxd8 {[%emt 0:00:06]} 9. Bxc5 {[%emt 0:17:18]} Nc6 {[%emt 0:01:12]} 10. Nge2 {[%emt 0:15:14]} b6 {[%emt 0:02:47]} 11. Ba3 {[%emt 0:01:23]} Ba6 {[%emt 0:00:58]} 12. Nb5 {[%emt 0:03:59]} Rac8 {[%emt 0:02:32]} 13. Nec3 {[%emt 0:01:10]} Nd7 {[%emt 0:13:33]} 14. O-O-O {[%emt 0:04:51]} Nc5 {[%emt 0:09:03]} 15. Be2 {[%emt 0:02:48]} Bb7 {[%emt 0:04:21]} 16. Rxd8+ {[%emt 0:04:25]} Rxd8 {[%emt 0:01:01]} 17. Rd1 {[%emt 0:00:35]} a6 {[%emt 0:02:41]} 18. Rxd8+ {[%emt 0:00:06]} Nxd8 {[%emt 0:00:04]} 19. Bxc5 {[%emt 0:01:10]} bxc5 {[%emt 0:00:10]} 20. Na3 {[%emt 0:00:06]} Nc6 {[%emt 0:00:50]} 21. Nc2 {[%emt 0:00:24]} e6 {[%emt 0:02:05]} 22. Ne1 {[%emt 0:01:16]} Bd4 {[%emt 0:03:25]} 23. Nd3 {[%emt 0:02:53]} Ne5 {[%emt 0:04:12]} 24. Nxe5 {[%emt 0:00:19]} Bxe5 {[%emt 0:00:05]} 25. g3 {[%emt 0:00:50]} Bxc3 {[%emt 0:00:26]} 26. bxc3 {[%emt 0:00:03]} e5 {[%emt 0:00:18]} 27. Kd2 {[%emt 0:02:55]} Kf8 {[%emt 0:00:06]} 28. Ke3 {[%emt 0:00:18]} Ke7 {[%emt 0:00:08]} 29. Bd3 {[%emt 0:00:33]} f6 {[%emt 0:00:51]} 30. g4 {[%emt 0:00:47]} g5 {[%emt 0:00:14]} 31. h3 {[%emt 0:00:33]} Kd6 {[%emt 0:00:10]} 32. Kd2 {[%emt 0:00:19]} Kc6 {[%emt 0:00:14]} 33. Kc2 {[%emt 0:00:09]} Kb6 {[%emt 0:00:06]} 34. Kb2 {[%emt 0:00:14]} Ka5 {[%emt 0:00:07]} 35. Ka3 {[%emt 0:01:32]} Bc6 {[%emt 0:00:10]} 36. Bc2 {[%emt 0:00:08]} Be8 {[%emt 0:00:25]} 37. Bd1 {[%emt 0:00:22]} h5 {[%emt 0:00:20]} 38. Bc2 {[%emt 0:01:06]} h4 {[%emt 0:00:04]} 39. Bd1 {[%emt 0:00:19]} Kb6 {[%emt 0:00:07]} 40. Bc2 {[%emt 0:00:39]} a5 {[%emt 0:00:04]} 41. Bd1 {[%emt 0:30:15]} Bf7 {[%emt 0:30:29]} 42. Be2 {[%emt 0:00:06]} Be8 {[%emt 0:01:48]} 43. Bd1 {[%emt 0:00:08]} Bd7 {[%emt 0:00:07]} 44. Bc2 {[%emt 0:00:14]} Kc7 {[%emt 0:00:44]} 45. Bd1 {[%emt 0:00:14]} Bc6 {[%emt 0:00:36]} 46. Bc2 {[%emt 0:00:29]} Kb6 {[%emt 0:01:09]} 47. Bd1 {[%emt 0:00:52]} Bb7 {[%emt 0:00:03]} 48. Bc2 {[%emt 0:00:17]} Ba6 {[%emt 0:00:06]} 49. Bd3 {[%emt 0:00:05]} Ka7 {[%emt 0:01:11]} 1/2-1/2

[Event "WCCC U12 2019"]
[Site "Weifang"]
[Date "2019.08.22"]
[Round "2"]
[White "Li Yihao"]
[Black "Pingin, Artem"]
[Result "1-0"]
[WhiteElo "1861"]
[BlackElo "2155"]
[Annotator "NA"]
[PlyCount "117"]
[EventDate "2019.08.21"]
[EventType "swiss"]
[EventCountry "CHN"]
[SourceTitle "playchess.com"]
[Source "ChessBase"]
[SourceQuality "1"]
[TimeControl "40/5400+30:1800+30"]

1. e4 c5 2. Nf3 d6 3. d4 cxd4 4. Nxd4 Nf6 5. Nc3 a6 6. Bg5 Nbd7 7. Bc4 e6 8. Bb3 Nc5 9. f3 Be7 10. Be3 Bd7 11. Qd2 b5 12. g4 b4 13. Nce2 a5 14. Ng3 h6 15. h4 Nxg4 16. fxg4 Bxh4 17. Qh2 Bxg3+ 18. Qxg3 Nxe4 19. Qg2 d5 20. g5 h5 21. a4 bxa3 22. Rxa3 a4 23. Ba2 Rb8 24. c3 Qe7 25. Nf3 Qd6 26. Kd1 e5 27. Kc1 Bc6 28. Qh2 f6 29. gxf6 gxf6 30. Qg2 Kd7 31. Bb1 Rbg8 32. Qh2 Kc8 33. Bc2 Qd7 34. Rd1 Nd6 35. b3 Rg4 36. Kb2 Qb7 37. Nd2 Kc7 38. Qf2 f5 39. Bc5 Rf8 40. Qh2 Qb5 41. Bxd6+ Kxd6 42. Qxh5 Bd7 43. Qh6+ Ke7 44. Nf3 Rf6 45. Qh7+ Kd6 46. c4 Rxc4 47. Bd3 axb3 48. Rxb3 Qc5 49. Bxc4 Qxc4 50. Qxd7+ Kxd7 51. Nxe5+ Kc7 52. Nxc4 dxc4 53. Rc3 Rc6 54. Rd4 Rc5 55. Rdxc4 Rxc4 56. Rxc4+ Kd6 57. Kc3 Ke5 58. Kd3 f4 59. Ke2 1-0

[Event "WCCC U12 2019"]
[Site "Weifang"]
[Date "2019.08.22"]
[Round "2"]
[White "Hoang, Minh Hieu"]
[Black "Ochirbat, Lkhagvajamts"]
[Result "1/2-1/2"]
[WhiteElo "1848"]
[BlackElo "2137"]
[Annotator "NA"]
[PlyCount "139"]
[EventDate "2019.08.21"]
[EventType "swiss"]
[EventCountry "CHN"]
[SourceTitle "playchess.com"]
[Source "ChessBase"]
[SourceQuality "1"]
[TimeControl "40/5400+30:1800+30"]

1. d4 {[%emt 0:00:20]} Nf6 {[%emt 0:00:00]} 2. c4 {[%emt 0:00:12]} c5 {[%emt 0:00:00]} 3. Nf3 {[%emt 0:00:33]} g6 {[%emt 0:00:27]} 4. Nc3 {[%emt 0:03:44]} cxd4 {[%emt 0:03:16]} 5. Nxd4 {[%emt 0:00:16]} Bg7 {[%emt 0:00:08]} 6. g3 {[%emt 0:00:21]} Nc6 {[%emt 0:01:17]} 7. Bg2 {[%emt 0:02:58]} O-O {[%emt 0:00:54]} 8. O-O {[%emt 0:02:15]} Qb6 {[%emt 0:07:58]} 9. Nc2 {[%emt 0:03:42]} d6 {[%emt 0:02:53]} 10. b3 {[%emt 0:02:52]} Rd8 {[%emt 0:04:13]} 11. Bb2 {[%emt 0:02:45]} e6 {[%emt 0:01:44]} 12. e4 {[%emt 0:01:25]} a6 {[%emt 0:02:53]} 13. Qd2 {[%emt 0:03:45]} Qc7 {[%emt 0:01:15]} 14. Rad1 {[%emt 0:02:25]} Rb8 {[%emt 0:02:32]} 15. Qe2 {[%emt 0:09:36]} b6 {[%emt 0:04:52]} 16. Kh1 {[%emt 0:02:15]} Bb7 {[%emt 0:00:57]} 17. f4 {[%emt 0:00:13]} Ne7 {[%emt 0:14:47]} 18. Nd4 {[%emt 0:03:56]} Nd7 {[%emt 0:05:20]} 19. f5 {[%emt 0:11:49]} exf5 {[%emt 0:12:17]} 20. exf5 {[%emt 0:00:08]} Bxg2+ {[%emt 0:04:02]} 21. Kxg2 {[%emt 0:09:41]} Re8 {[%emt 0:04:01]} 22. fxg6 {[%emt 0:02:59]} Nxg6 {[%emt 0:07:10]} 23. Qf2 {[%emt 0:01:07]} Nf6 {[%emt 0:10:15]} 24. h3 {[%emt 0:03:43]} Qb7+ {[%emt 0:04:31]} 25. Kh2 {[%emt 0:00:12]} Rbd8 {[%emt 0:03:06]} 26. Nf5 {[%emt 0:01:16]} Bf8 {[%emt 0:00:19]} 27. Ne3 {[%emt 0:04:08]} Re6 {[%emt 0:01:31]} 28. Ned5 {[%emt 0:00:34]} Ne8 {[%emt 0:00:44]} 29. Ne2 {[%emt 0:00:51]} b5 {[%emt 0:00:27]} 30. Nef4 {[%emt 0:01:18]} bxc4 {[%emt 0:00:36]} 31. Nxe6 {[%emt 0:05:12]} fxe6 {[%emt 0:00:01]} 32. Nf6+ {[%emt 0:00:15]} Nxf6 {[%emt 0:00:01]} 33. Qxf6 {[%emt 0:00:03]} Re8 {[%emt 0:00:02]} 34. bxc4 {[%emt 0:00:37]} e5 {[%emt 0:00:43]} 35. Ba3 {[%emt 0:00:24]} Qc7 {[%emt 0:01:05]} 36. Bxd6 {[%emt 0:01:02]} Qxc4 {[%emt 0:00:16]} 37. Rf2 {[%emt 0:00:16]} Bg7 {[%emt 0:00:23]} 38. Qf3 {[%emt 0:00:18]} e4 {[%emt 0:01:29]} 39. Qb3 {[%emt 0:05:13]} Qxb3 {[%emt 0:00:08]} 40. axb3 {[%emt 0:00:05]} Rd8 {[%emt 0:00:04]} 41. Re2 {[%emt 0:30:18]} Bf8 {[%emt 0:02:30]} 42. Rxe4 {[%emt 0:00:44]} Rxd6 {[%emt 0:00:31]} 43. Rxd6 {[%emt 0:00:01]} Bxd6 {[%emt 0:00:01]} 44. Re6 {[%emt 0:00:01]} Be7 {[%emt 0:01:20]} 45. Rxa6 {[%emt 0:00:05]} Kf7 {[%emt 0:01:08]} 46. Kg2 {[%emt 0:00:13]} Nf8 {[%emt 0:03:24]} 47. Rh6 {[%emt 0:01:22]} Kg7 {[%emt 0:03:16]} 48. Rb6 {[%emt 0:00:18]} Kf7 {[%emt 0:00:43]} 49. b4 {[%emt 0:01:25]} Nd7 {[%emt 0:00:32]} 50. Rb7 {[%emt 0:00:19]} Ke6 {[%emt 0:00:10]} 51. Kf3 {[%emt 0:00:26]} Kd6 {[%emt 0:01:55]} 52. Rb5 {[%emt 0:01:27]} Kc6 {[%emt 0:02:42]} 53. Rh5 {[%emt 0:00:30]} Nf8 {[%emt 0:00:21]} 54. b5+ {[%emt 0:00:10]} Kb6 {[%emt 0:00:08]} 55. Ke4 {[%emt 0:00:25]} Bc5 {[%emt 0:00:29]} 56. Ke5 {[%emt 0:01:15]} Kxb5 {[%emt 0:04:08]} 57. Kf6 {[%emt 0:00:15]} Kc4 {[%emt 0:02:07]} 58. Kg7 {[%emt 0:00:18]} Kd4 {[%emt 0:03:50]} 59. Rf5 {[%emt 0:01:19]} Ke4 {[%emt 0:03:21]} 60. g4 {[%emt 0:00:15]} Ne6+ {[%emt 0:00:36]} 61. Kf7 {[%emt 0:03:01]} Nd8+ {[%emt 0:00:20]} 62. Kf6 {[%emt 0:00:11]} Bd4+ {[%emt 0:00:26]} 63. Ke7 {[%emt 0:00:40]} Nc6+ {[%emt 0:00:20]} 64. Kd6 {[%emt 0:00:05]} Ne5 {[%emt 0:00:51]} 65. Rh5 {[%emt 0:00:12]} h6 {[%emt 0:01:15]} 66. Ke6 {[%emt 0:00:24]} Nf3 {[%emt 0:01:26]} 67. Rxh6 {[%emt 0:00:21]} Be3 {[%emt 0:00:06]} 68. Rh5 {[%emt 0:01:21]} Bg5 {[%emt 0:01:27]} 69. Kf7 {[%emt 0:00:41]} Kf4 {[%emt 0:00:04]} 70. Rh8 {[%emt 0:00:37]} 1/2-1/2

[Event "WCCC U12 2019"]
[Site "Weifang"]
[Date "2019.08.22"]
[Round "2"]
[White "Amgalantengis, Enkh-Amgalan"]
[Black "Chen, Max"]
[Result "0-1"]
[WhiteElo "1784"]
[BlackElo "2056"]
[Annotator "NA"]
[PlyCount "63"]
[EventDate "2019.08.21"]
[EventType "swiss"]
[EventCountry "CHN"]
[SourceTitle "playchess.com"]
[Source "ChessBase"]
[SourceQuality "1"]
[TimeControl "40/5400+30:1800+30"]

1. d4 Nf6 2. c4 g6 3. Nc3 d5 4. Nf3 Bg7 5. Bg5 Ne4 6. cxd5 Nxc3 7. bxc3 Qxd5 8. e3 Bg4 9. Bf4 Bxf3 10. Qxf3 Qxf3 11. gxf3 c6 12. Rb1 b6 13. Bg3 O-O 14. Bd3 Re8 15. O-O e5 16. Rfd1 Nd7 17. dxe5 Nxe5 18. Be2 c5 19. f4 Nc6 20. Bf3 Rac8 21. Bxc6 Rxc6 22. c4 Re4 23. Rbc1 Rce6 24. Rd5 Bb2 25. Rc2 Ba3 26. f5 gxf5 27. Rxf5 a6 28. Be5 b5 29. Bb2 Bxb2 30. Rxb2 Rg6+ 31. Kf1 bxc4 32. Rc2 0-1

[Event "WCCC U12 2019"]
[Site "Weifang"]
[Date "2019.08.29"]
[Round "8.1"]
[White "Zhou, Liran"]
[Black "Pingin, Artem"]
[Result "1-0"]
[WhiteElo "2311"]
[BlackElo "2155"]
[Annotator "RC"]
[PlyCount "113"]
[EventDate "2019.08.21"]
[EventType "swiss"]
[EventCountry "CHN"]
[SourceTitle "playchess.com"]
[Source "ChessBase"]
[SourceQuality "1"]
[TimeControl "40/5400+30:1800+30"]

1. e4 {[%emt 0:00:00]} c5 {[%emt 0:00:00]} 2. Nf3 {[%emt 0:00:00]} d6 {[%emt 0:00:00]} 3. d4 {[%emt 0:00:00]} cxd4 {[%emt 0:00:00]} 4. Nxd4 {[%emt 0:00:00]} Nf6 {[%emt 0:00:02]} 5. Nc3 {[%emt 0:00:07]} a6 {[%emt 0:00:05]} 6. Bc4 {[%emt 0:00:10]} e6 {[%emt 0:00:20]} 7. O-O {[%emt 0:00:07]} Nbd7 {[%emt 0:00:27]} 8. Re1 {[%emt 0:03:26]} b5 {[%emt 0:04:27]} 9. Bd5 {[%emt 0:12:53]} Nxd5 {[%emt 0:04:48]} 10. exd5 {[%emt 0:00:10]} e5 {[%emt 0:00:18]} 11. Nc6 {[%emt 0:00:15]} Qc7 {[%emt 0:01:30]} 12. a4 {[%emt 0:06:47]} bxa4 {[%emt 0:00:33]} 13. Rxa4 {[%emt 0:01:27]} Nb6 {[%emt 0:02:31]} 14. Rb4 {[%emt 0:03:08]} Bd7 {[%emt 0:01:11]} 15. Qd4 {[%emt 0:14:30]} Nc8 {[%emt 0:08:36]} 16. Rc4 {[%emt 0:01:35]} Ne7 {[%emt 0:14:42]} 17. Nxe7 {[%emt 0:04:05]} exd4 {[%emt 0:01:00]} 18. Rxc7 {[%emt 0:00:27]} Bxe7 {[%emt 0:00:04]} 19. Na4 {[%emt 0:01:12]} Rb8 {[%emt 0:04:02]} 20. Bd2 {[%emt 0:03:17]} h5 {[%emt 0:22:35]} 21. Ba5 {[%emt 0:02:55]} Bxa4 {[%emt 0:09:42]} 22. Rexe7+ {[%emt 0:00:41]} Kf8 {[%emt 0:00:02]} 23. Rxf7+ {[%emt 0:00:17]} Kg8 {[%emt 0:00:09]} 24. Rxg7+ {[%emt 0:00:18]} Kf8 {[%emt 0:00:03]} 25. b3 {[%emt 0:08:56]} d3 {[%emt 0:00:59]} 26. cxd3 {[%emt 0:00:08]} Bxb3 {[%emt 0:01:25]} 27. Rcf7+ {[%emt 0:01:30]} Ke8 {[%emt 0:00:08]} 28. Rb7 {[%emt 0:00:11]} Rc8 {[%emt 0:01:31]} 29. Rge7+ {[%emt 0:05:18]} Kf8 {[%emt 0:00:11]} 30. Rec7 {[%emt 0:00:13]} Rxc7 {[%emt 0:00:19]} 31. Bxc7 {[%emt 0:00:05]} Bxd5 {[%emt 0:00:29]} 32. Bxd6+ {[%emt 0:00:06]} Kg8 {[%emt 0:00:06]} 33. Rb8+ {[%emt 0:01:02]} Kh7 {[%emt 0:00:04]} 34. Rxh8+ {[%emt 0:00:07]} Kxh8 {[%emt 0:00:03]} 35. f3 {[%emt 0:00:15]} Kg7 {[%emt 0:01:15]} 36. Kf2 {[%emt 0:00:04]} Kf6 {[%emt 0:00:39]} 37. g4 {[%emt 0:00:20]} Kg5 {[%emt 0:03:25]} 38. Kg3 {[%emt 0:01:18]} hxg4 {[%emt 0:00:07]} 39. fxg4 {[%emt 0:00:07]} a5 {[%emt 0:00:40]} 40. h4+ {[%emt 0:00:00]} Kf6 {[%emt 0:00:00]} 41. Kf4 {[%emt 0:00:16]} Bb3 {[%emt 0:01:38]} 42. h5 {[%emt 0:00:18]} Bd1 {[%emt 0:00:11]} 43. d4 {[%emt 0:00:12]} a4 {[%emt 0:00:05]} 44. Bc5 {[%emt 0:00:06]} Ke6 {[%emt 0:00:40]} 45. Kg5 {[%emt 0:00:28]} Be2 {[%emt 0:00:20]} 46. Ba3 {[%emt 0:00:25]} Bf3 {[%emt 0:01:18]} 47. h6 {[%emt 0:00:33]} Be4 {[%emt 0:00:03]} 48. d5+ {[%emt 0:00:07]} Kf7 {[%emt 0:02:57]} 49. d6 {[%emt 0:00:45]} Ke6 {[%emt 0:00:05]} 50. d7 {[%emt 0:00:08]} Kxd7 {[%emt 0:00:04]} 51. Kf6 {[%emt 0:00:03]} Kc6 {[%emt 0:02:14]} 52. g5 {[%emt 0:00:04]} Kb5 {[%emt 0:00:02]} 53. g6 {[%emt 0:00:05]} Kc4 {[%emt 0:00:03]} 54. h7 {[%emt 0:00:04]} Kb3 {[%emt 0:00:02]} 55. Bd6 {[%emt 0:00:05]} a3 {[%emt 0:00:03]} 56. h8=Q {[%emt 0:00:10]} a2 {[%emt 0:00:02]} 57. Be5 {[%emt 0:00:05]} 1-0

[Event "WCCC U12 2019"]
[Site "Weifang"]
[Date "2019.08.29"]
[Round "8.2"]
[White "Chen, Yuan"]
[Black "Park, Evan"]
[Result "1/2-1/2"]
[WhiteElo "1884"]
[BlackElo "2078"]
[Annotator "NA"]
[PlyCount "117"]
[EventDate "2019.08.21"]
[EventType "swiss"]
[EventCountry "CHN"]
[SourceTitle "playchess.com"]
[Source "ChessBase"]
[SourceQuality "1"]
[TimeControl "40/5400+30:1800+30"]

1. e4 {[%emt 0:00:00]} g6 {[%emt 0:00:39]} 2. d4 {[%emt 0:00:00]} Bg7 {[%emt 0:00:39]} 3. c4 {[%emt 0:00:49]} d6 {[%emt 0:00:13]} 4. Nc3 {[%emt 0:00:11]} Nf6 {[%emt 0:00:26]} 5. f3 {[%emt 0:01:25]} O-O {[%emt 0:00:26]} 6. Be3 {[%emt 0:00:08]} Nc6 {[%emt 0:00:43]} 7. Qd2 {[%emt 0:08:55]} a6 {[%emt 0:00:15]} 8. O-O-O {[%emt 0:04:46]} b5 {[%emt 0:12:42]} 9. cxb5 {[%emt 0:17:51]} axb5 {[%emt 0:02:17]} 10. Bxb5 {[%emt 0:00:38]} Na5 {[%emt 0:02:57]} 11. Qe2 {[%emt 0:14:57]} c6 {[%emt 0:05:16]} 12. Bd3 {[%emt 0:00:14]} Qb6 {[%emt 0:03:15]} 13. h4 {[%emt 0:20:07]} Ba6 {[%emt 0:07:53]} 14. Bxa6 {[%emt 0:00:16]} Rxa6 {[%emt 0:02:13]} 15. g4 {[%emt 0:03:27]} Rb8 {[%emt 0:02:31]} 16. Rd2 {[%emt 0:01:36]} Ra7 {[%emt 0:07:36]} 17. Rc2 {[%emt 0:06:25]} Qb4 {[%emt 0:04:34]} 18. Nb1 {[%emt 0:02:27]} Nd7 {[%emt 0:07:48]} 19. Qd2 {[%emt 0:08:23]} Nc4 {[%emt 0:04:42]} 20. Qxb4 {[%emt 0:00:06]} Rxb4 {[%emt 0:00:03]} 21. Bf2 {[%emt 0:00:14]} Rxa2 {[%emt 0:04:30]} 22. b3 {[%emt 0:00:16]} Ra1 {[%emt 0:02:37]} 23. Rc3 {[%emt 0:05:48]} Na3 {[%emt 0:04:04]} 24. Kb2 {[%emt 0:00:04]} Rxb1+ {[%emt 0:00:16]} 25. Kxa3 {[%emt 0:00:05]} Rb5 {[%emt 0:03:01]} 26. Ka2 {[%emt 0:02:25]} Rd1 {[%emt 0:02:17]} 27. Rc2 {[%emt 0:00:53]} c5 {[%emt 0:01:23]} 28. Kb2 {[%emt 0:00:41]} Rd3 {[%emt 0:03:09]} 29. Kc1 {[%emt 0:00:41]} Rdxb3 {[%emt 0:01:41]} 30. dxc5 {[%emt 0:00:10]} Nxc5 {[%emt 0:00:54]} 31. Kd2 {[%emt 0:00:26]} Rb2 {[%emt 0:02:00]} 32. Bxc5 {[%emt 0:00:40]} dxc5 {[%emt 0:01:21]} 33. Nh3 {[%emt 0:00:05]} Rxc2+ {[%emt 0:00:53]} 34. Kxc2 {[%emt 0:00:03]} Rb2+ {[%emt 0:00:12]} 35. Kd3 {[%emt 0:00:03]} Rb3+ {[%emt 0:00:27]} 36. Ke2 {[%emt 0:00:07]} Bd4 {[%emt 0:00:10]} 37. Rf1 {[%emt 0:01:00]} c4 {[%emt 0:01:31]} 38. Rd1 {[%emt 0:00:04]} e5 {[%emt 0:00:17]} 39. Ng1 {[%emt 0:00:22]} Rb2+ {[%emt 0:00:18]} 40. Kf1 {[%emt 0:00:00]} Bxg1 {[%emt 0:00:00]} 41. Kxg1 {[%emt 0:00:08]} c3 {[%emt 0:04:54]} 42. Rc1 {[%emt 0:00:08]} c2 {[%emt 0:00:08]} 43. Kf2 {[%emt 0:00:03]} f5 {[%emt 0:04:05]} 44. Ke2 {[%emt 0:03:33]} Kf7 {[%emt 0:02:46]} 45. Kd2 {[%emt 0:04:32]} fxe4 {[%emt 0:01:48]} 46. fxe4 {[%emt 0:00:03]} Rb4 {[%emt 0:00:51]} 47. Rxc2 {[%emt 0:03:35]} Rxe4 {[%emt 0:00:05]} 48. Rc7+ {[%emt 0:00:05]} Ke6 {[%emt 0:00:48]} 49. Rxh7 {[%emt 0:00:28]} Rxg4 {[%emt 0:00:03]} 50. Ke3 {[%emt 0:09:58]} Ra4 {[%emt 0:02:03]} 51. Kf3 {[%emt 0:06:50]} Rf4+ {[%emt 0:00:48]} 52. Ke3 {[%emt 0:01:29]} Kf5 {[%emt 0:00:40]} 53. Rh8 {[%emt 0:05:09]} Ra4 {[%emt 0:02:51]} 54. Rf8+ {[%emt 0:01:36]} Kg4 {[%emt 0:00:37]} 55. Rg8 {[%emt 0:00:19]} Ra6 {[%emt 0:00:40]} 56. Rh8 {[%emt 0:00:05]} Kg3 {[%emt 0:01:49]} 57. Ke4 {[%emt 0:00:56]} Re6 {[%emt 0:01:58]} 58. Rh6 {[%emt 0:00:14]} Kg4 {[%emt 0:00:42]} 59. h5 {[%emt 0:00:12]} 1/2-1/2

[Event "WCCC U12 2019"]
[Site "Weifang"]
[Date "2019.08.29"]
[Round "8.3"]
[White "Navumenka, Mikhei"]
[Black "Chen, Jonathan"]
[Result "1/2-1/2"]
[WhiteElo "2148"]
[BlackElo "1948"]
[Annotator "ChessBase"]
[PlyCount "75"]
[EventDate "2019.08.21"]
[EventType "swiss"]
[EventCountry "CHN"]
[SourceTitle "playchess.com"]
[Source "ChessBase"]
[SourceQuality "1"]
[TimeControl "40/5400+30:1800+30"]

1. d4 {[%emt 0:00:00]} Nf6 {[%emt 0:00:00]} 2. Nf3 {[%emt 0:01:21]} e6 {[%emt 0:00:52]} 3. c4 {[%emt 0:00:08]} d5 {[%emt 0:02:22]} 4. g3 {[%emt 0:00:14]} dxc4 {[%emt 0:01:46]} 5. Bg2 {[%emt 0:00:06]} a6 {[%emt 0:00:59]} 6. a4 {[%emt 0:10:27]} c5 {[%emt 0:05:36]} 7. O-O {[%emt 0:13:27]} Nc6 {[%emt 0:04:33]} 8. Na3 {[%emt 0:09:17]} cxd4 {[%emt 0:05:07]} 9. Nxc4 {[%emt 0:00:02]} Be7 {[%emt 0:01:01]} 10. Bf4 {[%emt 0:05:53]} O-O {[%emt 0:24:55]} 11. Nce5 {[%emt 0:03:58]} Qb6 {[%emt 0:06:23]} 12. Rc1 {[%emt 0:13:25]} Nd5 {[%emt 0:06:38]} 13. Nxc6 {[%emt 0:05:03]} bxc6 {[%emt 0:00:20]} 14. Nxd4 {[%emt 0:02:02]} Bb7 {[%emt 0:04:59]} 15. Qb3 {[%emt 0:07:26]} Bb4 {[%emt 0:11:50]} 16. Nc2 {[%emt 0:07:29]} Nxf4 {[%emt 0:02:17]} 17. gxf4 {[%emt 0:00:45]} c5 {[%emt 0:00:32]} 18. a5 {[%emt 0:09:46]} Qa7 {[%emt 0:00:47]} 19. Nxb4 {[%emt 0:01:55]} Bxg2 {[%emt 0:00:03]} 20. Kxg2 {[%emt 0:00:10]} Qb7+ {[%emt 0:00:02]} 21. f3 {[%emt 0:00:47]} cxb4 {[%emt 0:00:17]} 22. Rc4 {[%emt 0:00:12]} Rab8 {[%emt 0:00:38]} 23. Rc5 {[%emt 0:00:49]} Rfc8 {[%emt 0:02:08]} 24. Rfc1 {[%emt 0:00:10]} Rxc5 {[%emt 0:00:25]} 25. Rxc5 {[%emt 0:00:02]} h6 {[%emt 0:04:47]} 26. Qc4 {[%emt 0:01:17]} b3 {[%emt 0:07:10]} 27. Rc6 {[%emt 0:03:13]} Qb4 {[%emt 0:02:22]} 28. Rc8+ {[%emt 0:03:06]} Kh7 {[%emt 0:00:02]} 29. Qd3+ {[%emt 0:00:08]} g6 {[%emt 0:00:53]} 30. Rxb8 {[%emt 0:00:21]} Qxb8 {[%emt 0:00:03]} 31. Qxa6 {[%emt 0:00:47]} Qxf4 {[%emt 0:00:39]} 32. Qb7 {[%emt 0:00:50]} Qg5+ {[%emt 0:01:10]} 33. Kf2 {[%emt 0:00:04]} Qc5+ {[%emt 0:00:17]} 34. Kg2 {[%emt 0:00:33]} Qg5+ {[%emt 0:00:40]} 35. Kf2 {[%emt 0:00:04]} Qc5+ {[%emt 0:00:00]} 36. Kg2 {[%emt 0:01:32]} Qg5+ {[%emt 0:00:10]} 37. Kf2 {[%emt 0:00:46]} Qc5+ {[%emt 0:00:12]} 38. Kg2 {[%emt 0:00:01]} 1/2-1/2